00598 2200217 4500001002100000005001700021008004100038020001800079035002400097040001200121082000800133090001700141100002000158245007200178250001800250260002700268300002700295650002600322850001200348990002000360YOGYA-0312000000014620120325220053.0 ind  a979-533-594-4 0010-031200000000146 aYOPDYOG a658 aQ 658bCip P aTjiptono, Fandy aPerspektif manajemen dan pemasaran kontemporercoleh Fandy Tjiptono aEd. 1, Cet. 1 aYogyakartabAndic2000 aviii, 156 hlm.c28 cm. aManajemen - Pemasaran aYOPDYOG a1183-PN/P.01b1